000 00472nam a2200193Ia 4500
005 20250423101113.0
008 250422s9999 xx 000 0 und d
020 _a9780748740444
050 _aTK 5101 .D86/
100 _aDunlop, J.
245 0 _aTelecommunication engineering
250 _a3rd ed.
260 _aNew York
260 _b CRC Press
260 _c2020
300 _a508 p
650 _a Telecommunication--Handbooks, manuals, etc.
942 _cBK
999 _c35297
_d35297